| 000 | 00651nam a22002057a 4500 | ||
|---|---|---|---|
| 005 | 20251108170104.0 | ||
| 008 | 250721s2000 xx 000 0 ara d | ||
| 082 | 1 | 4 | _aط/372.21/عمر |
| 100 | 1 |
_aعمرو، محمد جمال _eمؤلف |
|
| 245 | 1 | 0 | _aالسائق / |
| 264 | 1 |
_aبيروت : _bمؤسسة الرسالة، _c2000. |
|
| 300 | _a16 ص. :مص. | ||
| 490 | 0 |
_aأنا أحب مهنتي _v6 |
|
| 650 | 1 | 7 | _aالسائقون |
| 650 | 1 | 7 | _aالتعليم قبل المدرسة |
| 653 | _aأطفال ما قبل المدرسة (0-5 سنوات) | ||
| 700 | 1 |
_aمحمد، أثير ساطع _eCart. |
|
| 942 |
_2ddc _cBK |
||
| 999 |
_c39473 _d39473 |
||